| 000 | 00737nam a22001937a 4500 | ||
|---|---|---|---|
| 999 |
_c18645 _d18645 |
||
| 003 | AR-CdUCM | ||
| 008 | 190513b ||||| |||| 00| 0 spa d | ||
| 040 |
_aMUNICIPALIDAD PROVINCIAL DEL CUSCO _cBIBLIOTECA MUNICIPAL DEL CUSCO |
||
| 082 |
_24ed. _a330.9 / _bS31 |
||
| 100 |
_aSchmidt, Walther _938548 |
||
| 245 | _aGeografía económica / | ||
| 260 |
_aMéxico : _bNacional, _c1965. |
||
| 300 |
_a403 páginas ; _c18 cm. |
||
| 505 | _aContenido: Manantiales de energía materias primas del reino mineral -- Primeras materias minerales -- Productos alimenticios e industriales de los reinos vegetal y animal ... | ||
| 650 |
_aEconomía _9382 |
||
| 650 |
_aGeografía económica _93160 |
||
| 942 |
_2ddc _cLIBROS |
||
| 945 |
_arah _d2019/05/14 |
||